Placer de la justicia / (Record no. 29589)
[ view plain ]
| 000 -CABECERA | |
|---|---|
| campo de control de longitud fija | 00442nam a2200145 a 4500 |
| 001 - NÚMERO DE CONTROL | |
| campo de control | 000030097 |
| 005 - FECHA Y HORA DE LA ÚLTIMA TRANSACCIÓN | |
| campo de control | 20240305102301.0 |
| 008 - DATOS DE LONGITUD FIJA--INFORMACIÓN GENERAL | |
| campo de control de longitud fija | 110429s1955 dr 000 0 spa d |
| 040 ## - FUENTE DE LA CATALOGACIÓN | |
| Centro catalogador/agencia de origen | DO-SdBNP |
| Lengua de catalogación | spa |
| Centro/agencia transcriptor | BNPHU |
| 049 ## - FONDOS LOCALES (OCLC) | |
| Fondos de biblioteca | BNPD |
| 100 1# - ENTRADA PRINCIPAL--NOMBRE DE PERSONA | |
| Nombre de persona | Coiscou Henríquez, Máximo, |
| Fechas asociadas al nombre | 1876-1973 |
| 9 (RLIN) | 31075 |
| 245 10 - MENCIÓN DE TÍTULO | |
| Título | Placer de la justicia / |
| Mención de responsabilidad, etc. | Máximo Coiscou Henríquez. |
| 260 ## - PUBLICACIÓN, DISTRIBUCIÓN, ETC. | |
| Lugar de publicación, distribución, etc. | Ciudad Trujillo : |
| Nombre del editor, distribuidor, etc. | Editora Mont Alvo, |
| Fecha de publicación, distribución, etc. | 1955. |
| 300 ## - DESCRIPCIÓN FÍSICA | |
| Extensión | 12 p. ; |
| Dimensiones | 27 cm. |
| Estado de retiro | Estado de pérdida | Restricciones de uso | No para préstamo | Código de colección | Localización permanente | Ubicación/localización actual | Ubicación en estantería | Fecha de adquisición | Número de inventario | Total de préstamos | Signatura topográfica completa | Código de barras | Fecha visto por última vez | Número de copia | Precio válido a partir de | Tipo de ítem Koha | Nota pública |
|---|---|---|---|---|---|---|---|---|---|---|---|---|---|---|---|---|---|
| Raros y valiosos | General | General | En catalogación | 08.06.2011 | LF1 | 30097-30 | 25.06.2020 | e. 3 | 25.06.2020 | Préstamo en sala | |||||||
| Extraviado | Raros y valiosos | General | General | Extraviado | 08.06.2011 | LF1 | 30097-40 | 25.06.2020 | e. 4 | 25.06.2020 | Préstamo en sala | ||||||
| Excluido de préstamo | Raros y valiosos | Patrimonio Dominicano | Patrimonio Dominicano | Depósito | 29.04.2011 | LF1 | 30097-10 | 25.06.2020 | 25.06.2020 | No se presta | Perteneció a la biblioteca personal de Martínez Boog. | ||||||
| Excluido de préstamo | Raros y valiosos | Patrimonio Dominicano | Patrimonio Dominicano | Depósito | 03.05.2011 | LF1 | 30097-20 | 25.06.2020 | e. 2 | 25.06.2020 | No se presta |
